Alle Nationalitäten, die jemals für Borussia Dortmund gespielt haben - Statistiken

Allgemein
  • Dieses Quiz wurde 64 mal gespielt
  • Das Durchschnittsergebnis liegt bei 53 aus 70
Antwortstatistiken
Hint Antwort % Korrekt
Europa Deutschland
98%
Europa England
98%
Europa Frankreich
98%
Europa Österreich
98%
Europa Belgien
97%
Europa Portugal
97%
Europa Schweiz
97%
Europa Spanien
97%
Nordamerika Vereinigte Staaten
97%
Südamerika Brasilien
95%
Europa Dänemark
95%
Europa Italien
95%
Europa Norwegen
95%
Europa Polen
95%
Europa Schweden
95%
Asien Südkorea
95%
Südamerika Argentinien
93%
Europa Griechenland
92%
Asien Japan
92%
Europa Niederlande
92%
Asien Türkei
92%
Europa Irland
90%
Afrika Marokko
90%
Europa Tschechien
90%
Ozeanien Australien
88%
Europa Island
88%
Europa Kroatien
88%
Europa Russland
88%
Afrika Ägypten
86%
Europa Bulgarien
86%
Europa Serbien
86%
Südamerika Paraguay
85%
Europa Rumänien
85%
Europa Slowenien
85%
Europa Schottland
83%
Afrika Algerien
81%
Afrika Ghana
81%
Europa Ukraine
81%
Europa Bosnien-Herzegowina
80%
Südamerika Uruguay
78%
Afrika Gabun
76%
Europa Kosovo
76%
Europa Ungarn
76%
Südamerika Kolumbien
75%
Afrika Südafrika
75%
Afrika Guinea
73%
Afrika Senegal
73%
Afrika Tunesien
73%
Afrika Elfenbeinküste
71%
Afrika DR Kongo
69%
Afrika Nigeria
69%
Asien Israel
68%
Afrika Kamerun
68%
Afrika Mali
68%
Asien Armenien
64%
Europa Nordmazedonien
64%
Nordamerika Jamaika
61%
Afrika Togo
61%
Europa Montenegro
59%
Südamerika Suriname
56%
Afrika Gambia
51%
Asien Syrien
47%
Afrika Eritrea
37%
Afrika Libyen
36%
Asien Afghanistan
34%
Asien Jordanien
34%
Nordamerika Barbados
27%
Afrika Sierra Leone
22%
Nordamerika Curacao
15%
Nordamerika Martinique
7%
Keine übereinstimmenden Quizze gefunden
Verteilung der Resultate
Anzahl Personen mit jedem Resultat
Perzentil nach korrekt beantworteten Fragen
Ihre Resultats-Entwicklung
Sie haben dieses Quiz noch nicht gespielt